000 01317nab a22002297a 4500
999 _c5339
_d5339
003 OSt
005 20250223224037.0
008 190603e xxum|||| |||| 00| 0 spa d
040 _cPJ
100 _96383
_aMárquez, José Fernando
245 1 0 _aExtinción y liquidación del fideicomiso /
_cJosé Fernando Márquez.
260 _cCiudad Autónoma de Buenos Aires :
_aThomson Reuters La Ley,
_b2023.
300 _ap. 77-84
500 _aCita Online: TR LALEY AR/DOC/2723/2023.
505 _a Sumario: I. El problema.— II. El encuadre conceptual del fideicomiso, como punto de partida de la interpretación. La normativa aplicable.— III. Extinción del fideicomiso.— IV. La extinción del fideicomiso y el proceso de liquidación.— V. Situaciones que pueden presentarse durante el período liquidatorio. Legitimación del fiduciario, situación de los bienes y facultades de las partes.— VI. A modo de conclusión.
505 _t¿Te interesa el texto completo? Solicitalo al correo: koha@justierradelfuego.gov.ar
650 0 _91590
_aFIDEICOMISO
650 0 _96384
_aDOMINIO FIDUCIARIO
650 0 _96385
_aREVOCACION DEL CONTRATO
773 0 _02713
_93170
_dCiudad Autónoma de Buenos Aires : Thomson Reuters La Ley, 2015-
_tRevista Código Civil y Comercial. Nº 6 - Diciembre 2023
942 _2udc
_cANA